00830pam a2200253 a 45000010008000000030004000080050017000120080041000290100017000700200015000870200022001020400018001240430012001420500021001540820015001751000035001902450071002252600042002963000024003385040051003626510059004136510049004726510055005212504749OSt20140415095622.0920709s1993 enk b 001 0 eng  a 92025941  a0582089417 a0582089425 (pbk.) aDLCcDLCdDLC ae-uk---00aDA405b.M67 199300a941.062201 aMorrill, J. S.q(John Stephen)14aThe nature of the English Revolution :bessays /cby John Morrill. aLondon ;aNew York :bLongman,c1993. ax, 466 p. ;c22 cm. aIncludes bibliographical references and index. 0aGreat BritainxHistoryyPuritan Revolution, 1642-1660. 0aGreat BritainxHistory, Militaryy1603-1714. 0aGreat BritainxPolitics and governmenty1603-1714.